000 00601nam a2200181 i 4500
001 129570
003 ES-MaACL
005 20230906193528.0
007 t|
008 070626s1961 sp ||||1| spa d
100 1 _aThierry, Adrien.
_9109947
245 1 3 _aLa Marquesa de Pompadour /
_cAdrien Thierry ; versión castellana de Tomás G. Larraya.
260 _aBarcelona :
_bVergara,
_c[1961]
300 _a250 p. :
_bil. ;
_c22 cm.
600 1 4 _aPompadour, Jeanne Antoinette Poisson
_cMarquise de.
_9140340
700 1 _aGutiérrez Larraya, Tomás.
_9149706
852 _aES-MaACL
_jC-20784
_bR.49240
999 _c129570
_d129570